Najwięksi producenci bananów - Statystyki

Ogólne statystyki
  • Ten quiz został rozwiązany 22 razy
  • Średni wynik to 5 z 10
Statystyki odpowiedzi
Ilość (tony) Państwo % Poprawnych
6 810 000t Brazylia
95%
12 060 000t Chiny
76%
33 060 000t Indie
76%
6 680 000t Ekwador
57%
8 740 000t Indonezja
52%
5 940 000t Filipiny
38%
4 270 000t Gwatemala
38%
2 560 000t Kostaryka
38%
4 340 000t Angola
19%
3 590 000t Tanzania
10%
Nie znaleziono quizów pasujących do podanych kryteriów
Rozkład punktacji
Procent ludzi z każdym wynikiem
Percentyl według liczby udzielonych odpowiedzi
Twoja historia wyników
Nie rozwiązałeś tego quizu